| 000 | 01022nam a22002177a 4500 | ||
|---|---|---|---|
| 005 | 20210325205709.0 | ||
| 008 | s2553 th tha d | ||
| 020 | _a9789744018915 | ||
| 041 | _atha | ||
| 050 | _aBQ6336 จ229ค 2553 | ||
| 100 | 0 | _aจักรสุรักษ์ จันทรวงศ์ | |
| 245 | 1 | 0 | _aคู่มือนำชม วัดป่าสิริวัฒนวิสุทธิ์ ในพระองค์ฯ จ.นครสวรรค์ |
| 260 | 3 |
_aกรุงเทพฯ : _bเอดิสัน เพรส โพรดักส์, _c2553 |
|
| 300 |
_a210 หน้า : _b ภาพประกอบ, แผนที่ ; _c 21 ซม. |
||
| 650 | 0 | 4 | _aวัดป่าสิริวัฒนวิสุทธิ์ |
| 850 | _aNALT | ||
| 942 | _cGB | ||
| 997 | _aบ24125 | ||
| 997 | _c000000000064176 | ||
| 998 | _aนางสาวจำเรียง ประสงค์ดี | ||
| 999 |
_c64176 _d64176 |
||